Indian myth and legend / (Record no. 104266)

MARC details
000 -LEADER
fixed length control field 00555nam a22001817a 4500
005 - DATE AND TIME OF LATEST TRANSACTION
control field 20161206101424.0
010 ## - LCCN (DPL NO)
LC control number ENG-116309
020 ## - INTERNATIONAL STANDARD BOOK NUMBER
International Standard Book Number 9788180902970
Terms of availability 995.00
035 ## - SYSTEM CONTROL NUMBER
System control number EN-99841
037 ## - SOURCE OF ACQUISITION
Source of stock number/acquisition DBAD/PUB
082 ## - DEWEY DECIMAL CLASSIFICATION NUMBER
Classification number 230
100 ## - MAIN ENTRY--PERSONAL NAME
Personal name Mackenzie,Donald A.
245 ## - TITLE STATEMENT
Title Indian myth and legend /
Statement of responsibility, etc by Donald A. Mackenzie
260 ## - PUBLICATION, DISTRIBUTION, ETC. (IMPRINT)
Place of publication, distribution, etc Delhi
Name of publisher, distributor, etc Bhartiya Kala Prakashan
Date of publication, distribution, etc 2014
270 ## - ADDRESS
Address 3421-A,IInd Floor Narang Colony,Tri Nagar
City Delhi
Postal code 110035
300 ## - PHYSICAL DESCRIPTION
Extent xiii,468p. :
Dimensions 21cm(Hb)
Other physical details ill (col.)
942 ## - ADDED ENTRY ELEMENTS (KOHA)
Source of classification or shelving scheme Dewey Decimal Classification
Item type English Books
Classification part 230
Call number suffix MAC
Holdings
Withdrawn status Lost status Not for loan Collection code Home library Current library Date acquired Source of acquisition Cost, normal purchase price Full call number Barcode Copy number Cost, replacement price Koha item type
    Not For Loan Non-fiction D.B.Act.Division Bawana 25/10/2016 DBAD/PUB 995.00 954 HIS EN-99841 1 995.00 English Books

© Delhi Public Library
Hit Counter
free hit counter